000 00921cam a2200229 i 4500
005 20251108164103.0
008 250721s1997 ua gr 000 0 ara d
041 1 _aara
_heng
082 1 4 _a152
_bب ر ج
100 1 _aبرجسون، هنري
_eمؤلف.
240 1 0 _aHenri bergson le rire essal sur la signification du comiqua.
245 1 0 _aالضحك :
_bالبحث في دلالة المضحك /
_cتأليف هنريبرجسون ؛ ترجمة سامي الدروبي، عبدالله عبد الكريم.
250 _aالطبعة الثانية.
264 1 _aالقاهرة :
_bالهئية المصرية العامة للكتاب،
_c1997.
300 _a139صفحة.
650 1 7 _aالضحك.
650 1 7 _aالعواطف.
700 1 _aالدروبي، سامي
_eترحمة.
700 1 _aعبد الدايم، عبد الله
_eترجمة.
942 _2ddc
_cBK
999 _c3265
_d3265